000 00343nam a22001337a 4500
008 170601b xxu||||| |||| 00| 0 eng d
020 _a0817992324
041 _aeng
080 _a94(4)
100 _a17
101 _aSHH
245 _aTHE TROUBLED BIRTH OF RUSSIAN DEMOCRACY PARTIES, PERSONALITIES, AND PROGRAMS
_cMCFAUL,M
942 _2udc
_cBK
999 _c15454
_d15454